The cultural heritage of India. (Record no. 22757)

MARC details
000 -LEADER
fixed length control field 00866cam a22001691 4500
082 00 - DEWEY DECIMAL CLASSIFICATION NUMBER
Classification number 306.0954
Author Cutter RAD
100 ## - MAIN ENTRY--AUTHOR NAME
Author name Radhakrishnan. Sarvepalli
245 04 - TITLE STATEMENT
Title The cultural heritage of India.
250 ## - EDITION STATEMENT
Edition statement [2d ed. rev. and enl.]
260 ## - PUBLICATION, DISTRIBUTION, ETC. (IMPRINT)
Place of publication Calcutta,
Name of publisher Ramakrishna Mission, Institute of Culture
Year of publication [1953-<2006>
300 ## - PHYSICAL DESCRIPTION
Number of Pages v. <1-6, 7, pt. 1>
Other physical details plates, ports.
500 ## - GENERAL NOTE
General note Vols. 3-4: Edited by Haridas Bhattacharyya, v. 5 of Suniti Kumar Chatterji; v. 6: editors, Priyadaranjan Ray and S.N. Sen; v. 7, pt. 1.: edited by Kapila Vatsyayan.
505 1# - FORMATTED CONTENTS NOTE
Formatted contents note v. 1. The early phases. 1958.--v. 2. Itihāsas, Purāṇas, Dharma and other śāstras. 1962.--v. 3. The philosophies. 1953.--v. 4. The religious. 1956.--v. 5. Languages and literatures.--v. 6. Science and technology -- v. 7, pt. 1. The arts
942 ## - ADDED ENTRY ELEMENTS (KOHA)
Koha item type Books
700 1# -
-- Bhattacharyya, Haridas,
Holdings
Home library Current library Shelving location Date acquired Full call number Accession Number Koha item type
Henry Martyn Institute Library Henry Martyn Institute Library Reference 10/16/2019 294 RAD 25636 Reference
Henry Martyn Institute Library Henry Martyn Institute Library Reference 10/16/2019 294 AIY 25637 Reference
Henry Martyn Institute Library Henry Martyn Institute Library Reference 10/16/2019 294 BHA 25638 Reference
Henry Martyn Institute Library Henry Martyn Institute Library Reference 10/16/2019 294 BHA 25639 Reference
Henry Martyn Institute Library Henry Martyn Institute Library Reference 10/16/2019 294 CHA 25640 Reference
Henry Martyn Institute Library Henry Martyn Institute Library Reference 10/16/2019 294 RAY 25641 Reference
                   Copyright © 2026 | Henry Martyn Institute | Hyderabad | TS-500052 | INDIA | Implemented by hmi.edu.in
Hit-Count:

Powered by Koha